Statistics for Top 3 Countries in H...

Click here to take the quiz!

General Stats

  • This quiz has been taken 73 times
  • The average score is 21 of 27

Answer Stats

Most...Country% Correct
HindusIndia
98%
HolidaysIndia
98%
HelicoptersUnited States
98%
HorsesUnited States
98%
United States
98%
Hurricanes*China
93%
China
93%
HackersChina
93%
Russia
93%
Canada
85%
Pakistan
85%
Japan
83%
HappinessNorway
83%
Mexico
81%
Nepal
81%
Bangladesh
80%
Denmark
78%
Tanzania
72%
Hashish productionAfghanistan
69%
Iceland
65%
Mozambique
61%
Philippines
56%
Philippines
56%
HipposZambia
52%
Turkey
46%
Colombia
41%
Morocco
24%

Score Distribution

Percentile by Number Answered

Percent of People with Each Score

Your Score History

You have not taken this quiz